<?xml version="1.0" encoding="UTF-8"?><?xml-stylesheet type="text/xsl" href="static/style.xsl"?><OAI-PMH xmlns="http://www.openarchives.org/OAI/2.0/" xmlns:xsi="http://www.w3.org/2001/XMLSchema-instance" xsi:schemaLocation="http://www.openarchives.org/OAI/2.0/ http://www.openarchives.org/OAI/2.0/OAI-PMH.xsd"><responseDate>2026-05-17T19:44:10Z</responseDate><request verb="GetRecord" identifier="oai:repisalud.isciii.es:20.500.12105/16683" metadataPrefix="marc">https://repisalud.isciii.es/rest/oai/request</request><GetRecord><record><header><identifier>oai:repisalud.isciii.es:20.500.12105/16683</identifier><datestamp>2025-06-02T09:32:36Z</datestamp><setSpec>com_20.500.12105_2405</setSpec><setSpec>com_20.500.12105_2403</setSpec><setSpec>col_20.500.12105_2409</setSpec></header><metadata><record xmlns="http://www.loc.gov/MARC21/slim" xmlns:dcterms="http://purl.org/dc/terms/" xmlns:doc="http://www.lyncode.com/xoai" xmlns:xsi="http://www.w3.org/2001/XMLSchema-instance" xsi:schemaLocation="http://www.loc.gov/MARC21/slim http://www.loc.gov/standards/marcxml/schema/MARC21slim.xsd">
   <leader>00925njm 22002777a 4500</leader>
   <datafield ind2=" " ind1=" " tag="042">
      <subfield code="a">dc</subfield>
   </datafield>
   <datafield ind2=" " ind1=" " tag="720">
      <subfield code="a">Echevarria, Juan Emilio</subfield>
      <subfield code="e">author</subfield>
   </datafield>
   <datafield ind2=" " ind1=" " tag="720">
      <subfield code="a">Oteo-Iglesias, Jesus</subfield>
      <subfield code="e">author</subfield>
   </datafield>
   <datafield ind2=" " ind1=" " tag="720">
      <subfield code="a">Jado, Isabel</subfield>
      <subfield code="e">author</subfield>
   </datafield>
   <datafield ind2=" " ind1=" " tag="260">
      <subfield code="c">2023</subfield>
   </datafield>
   <datafield ind2=" " ind1=" " tag="520">
      <subfield code="a">Programas y actividades de vigilancia microbiológica del CNM. Este centro además de su actividad investigadora, proporciona asistencia científico-técnica al Sistema Nacional de Salud en la vigilancia, control y prevención de las enfermedades infecciosas. Esto incluye la detección rápida de infecciones emergentes y/o poco frecuentes, la descripción de nuevas variantes circulantes y la caracterización de brotes, entre otros importantes objetivos. Estas actividades forman parte de la vigilancia microbiológica, que en el CNM se estructura en los Programas de Vigilancia, abarcando tareas de referencia y caracterización de los principales agentes patógenos para el ser humano.</subfield>
   </datafield>
   <datafield ind1="8" ind2=" " tag="024">
      <subfield code="a">Programas de Vigilancia Microbiológica Centro Nacional de Microbiología. Volumen 2. 2021-2022. Madrid; Instituto de Salud Carlos III, Centro Nacional de Microbiología: Madrid 2023</subfield>
   </datafield>
   <datafield ind1="8" ind2=" " tag="024">
      <subfield code="a">10.4321/repisalud.16683</subfield>
   </datafield>
   <datafield ind1="8" ind2=" " tag="024">
      <subfield code="a">834230215</subfield>
   </datafield>
   <datafield ind1="8" ind2=" " tag="024">
      <subfield code="a">http://hdl.handle.net/20.500.12105/16683</subfield>
   </datafield>
   <datafield tag="653" ind2=" " ind1=" ">
      <subfield code="a">Vigilancia</subfield>
   </datafield>
   <datafield tag="653" ind2=" " ind1=" ">
      <subfield code="a">Vigilancia Microbiológica</subfield>
   </datafield>
   <datafield tag="653" ind2=" " ind1=" ">
      <subfield code="a">Enfermedades infecciosas</subfield>
   </datafield>
   <datafield ind2="0" ind1="0" tag="245">
      <subfield code="a">Programas de Vigilancia Microbiológica Centro Nacional de Microbiología. Volumen 2. 2021-2022</subfield>
   </datafield>
</record></metadata></record></GetRecord></OAI-PMH>